Hunters and herders of southern Africa : a comparative ethnography of the Khoisan peoples

Αποθηκεύτηκε σε:
Λεπτομέρειες βιβλιογραφικής εγγραφής
Κύριος συγγραφέας: Barnard, Alan (Alan J.)
Μορφή: Βιβλίο
Γλώσσα:English
Δημοσίευση: Cambridge : Cambridge University Press, c1992
Σειρά:Cambridge studies in social and cultural anthropology ; ; 85
Θέματα:
Ετικέτες: Προσθήκη ετικέτας
Δεν υπάρχουν, Καταχωρήστε ετικέτα πρώτοι!

MARC

LEADER 00000nam a2200000 i 4500
001 1/23909
008 981126s1992 eng d
020 |a 0-521-42865-3 
035 |l 10036969 
040 |a GR-MY-UA  |b gre  |e aacr 
041 0 |a eng 
082 0 |a 305.8961068 
100 1 |a Barnard, Alan  |q (Alan J.) 
245 1 0 |a Hunters and herders of southern Africa :  |b a comparative ethnography of the Khoisan peoples /  |c Alan Barnard 
260 |a Cambridge :   |b Cambridge University Press,   |c c1992 
300 |a 349 p. 
490 1 |a Cambridge studies in social and cultural anthropology  |v ; 85 
504 |a Includes bibliographical references and index 
650 0 0 |a San (African people) 
650 0 0 |a Khoikhoi (African people) 
830 0 |a Cambridge studies in social and cultural anthropology ;  |v ; 85 
852 |a INST  |b LESVOS  |e 19981126  |h 305.8961068 BAR  |p 005100017318  |q 005100017318  |t BK  |y 0 
901 |a BIBL-1999-1 
909 |a Λ  |b 060098 
922 |a 1ΕΛΗ  |b 199810  |c ΚΠΣ/ΤΚΑ  |d ΠΑΠΑΣΩΤΗΡΙΟΥ 
950 |a 117-1998-07-12